| 000 | 00658nam a22002417a 4500 | ||
|---|---|---|---|
| 001 | 1535 | ||
| 003 | CO-MdFUSB | ||
| 005 | 20190202100514.0 | ||
| 008 | 170420t1900 xxu||||| |||| 00| 0 eng d | ||
| 040 |
_aCO-MdFUSB _bspa _cCO-MdFUSB _dCO-MdFUSBC _erda |
||
| 041 | 0 | _aeng | |
| 082 | 0 | 4 | _aG 211 F541t |
| 100 | 1 |
_aFiske, John (1842-1901) _eautor |
|
| 245 | 0 |
_aThrough nature to God _c / John Fiske |
|
| 264 | 4 |
_aNew York, USA : _bHoughton Mifflin, _c©1900 |
|
| 300 | _aXV, 194 Pag. | ||
| 336 |
_2rdacontent _a1 _ba1 |
||
| 337 |
_2rdamedia _a2 _b5 |
||
| 338 |
_2rdacarrier _a2 _b5 |
||
| 650 | 7 |
_aDios _2 _9178 |
|
| 650 | 0 |
_aTeología práctica _9180 |
|
| 942 | _cBK | ||
| 999 |
_c32854 _d32854 |
||